Statistiken für Welche Stadt in der Schweiz?

Klicken Sie hier um das Quiz zu spielen!

Allgemein

  • Dieses Quiz wurde 1.851 mal gespielt
  • Das Durchschnittsergebnis liegt bei 11 aus 20

Antwortstatistiken

HinweisStadt% Korrekt
Bundesstadt der SchweizBBern
100%
Grösste Stadt und finanzielles ZentrumZZürich
99%
Sitz zahlreicher Organisationen wie etwa WHO, CERN oder IKRKGGenf
94%
Heimat von Roger Federer, Novartis sowie den LäckerliBBasel
71%
Grösste Stadt der italienischsprachigen SchweizLLugano
69%
Mondäner Ferienort am Fusse des MatterhornsZZermatt
69%
Jährlicher Austragungsort des WeltwirtschaftsforumsD
Davos
66%
Bedeutendes Tourismusziel bekannt für seine KapellbrückeLLuzern
66%
Diese Stadt (drei Buchstaben) ist bekannt für seine tiefen SteuernZZug
59%
Sowohl das Internationale Olympische Kommittee als auch
das Schweizer Bundesgericht sind in dieser Stadt beheimatet
LLausanne
52%
Die Stiftsbibliothek dieser Ostschweizer Stadt ist seit 1983 WeltkulturerbeSSt. Gallen
51%
Nördlichster KantonshauptortSSchaffhausen
48%
Der Name dieser "Abenteuerhauptstadt" bedeutet wörtlich 'zwischen den Seen'IInterlaken
45%
Austragungsort der Olympischen Winterspiele 1928 und 1948SSt. Moritz
43%
Kleinster Kantonshauptort. Hier können Frauen erst seit 1990 wählen und abstimmenAAppenzell
39%
Stadt an der Schweizer Riviera mit bekanntem Jazz-FestivalMMontreux
36%
Gastgeber des LauberhornrennensWWengen
36%
Bedeutendstes Kloster der Schweiz sowie Etappenort des JakobswegesEEinsiedeln
28%
Die Zahl Elf hat in dieser Barockstadt an der Aare eine besondere BedeutungSSolothurn
26%
Diese Uhrenmetropole ist mit ca. 1'000 Metern über Meer
eine der höchstgelegenen Städte Europas
LLa Chaux-de-Fonds
14%

Verteilung der Resultate

Perzentil nach korrekt beantworteten Fragen

Anzahl Personen mit jedem Resultat

Ihre Resultats-Entwicklung

Sie haben dieses Quiz noch nicht gespielt